Titled People Quiz #3 - Statistics

General Stats
  • This quiz has been taken 43,228 times
    32,592 since last reset
  • The average score is 16 of 24
Answer Stats
Person % Correct
{Lady} Gaga
98%
{Prince} Charming
97%
{Count} Dracula
96%
{Queen} Elizabeth II
95%
{Sir} Lancelot
93%
{King} Arthur
92%
{Dr}. Jekyll
87%
{Miss} Piggy
87%
{Pope} John Paul II
87%
{Mr}. Sandman
86%
{Emperor} Hirohito
71%
{Captain} Cook
68%
{Tsar} Nicolas II
68%
{General} MacArthur
66%
{Earl} of Sandwich
65%
{Saint} Augustine
65%
{Don} Corleone
56%
{Lord} Kelvin
49%
{Colonel} Gaddafi
47%
{Archbishop} Desmond Tutu
45%
{Marquis} de Sade
41%
{Cardinal} Richelieu
38%
{Principal} Skinner
36%
{Mullah} Mohammed Omar
8%
No matching quizzes found
Score Distribution
Percent of People with Each Score
Percentile by Number Answered
Your Score History
You have not taken this quiz since the last reset